000 00550nam a2200193 i 4500
001 146921
003 ES-MaACL
005 20250531063034.0
007 t|
008 070919s1973 sp ||||1| spa d
100 1 _aTudela, Mariano,
_d1925-2001
_9111632
245 1 0 _aLuis Candelas
_b: un bandido y su leyenda /
_cMariano Tudela.
250 _a[2ยช ed.].
260 _aMadrid :
_bSala,
_c[1973]
300 _a205 p. ;
_c21 cm.
600 0 4 _aCandelas, Luis.
_934459
852 _aES-MaACL
_jC-52516
_bR.85339
999 _c146921
_d146921